| 000 | 00877nam a2200229 a 4500 | ||
|---|---|---|---|
| 001 | 230 | ||
| 003 | BD-RjUL | ||
| 005 | 20211208233132.0 | ||
| 008 | 160423s1966 bg |||| |||| 000 1 ben d | ||
| 020 | _c: TK. 5.00 | ||
| 035 | _a(BD-RjUL)244 | ||
| 040 |
_aBD-RjUL _bben _cBD-RjUL _dBD-RjUL |
||
| 041 | _aben | ||
| 082 | 0 | 4 |
_223 _a891.4409 _bAHP 1966 |
| 100 |
_aআহমদ, আবুল মনসুর _9692 |
||
| 245 | 1 | 0 |
_aপাক বাংলার কালচার / _cআবুল মনসুর আহমদ |
| 260 |
_aঢাকা : _bআহমদ পাবলিশিং হাউস, _c১৯৬৬. |
||
| 300 |
_a[৮], ২৪৮ পৃ. ; _c২১ সে.মি. |
||
| 650 |
_aবাংলা সাহিত্য _9148428 _xইতিহাস ও সমালোচনা |
||
| 650 |
_aBengali Literature _9148429 _xHistory & Criticism |
||
| 942 |
_2ddc _cBK |
||
| 999 |
_c230 _d230 |
||